00357nam a2200121Ia 4500003000400000008004100004040001600045082001500061245006300076260008000139300001100219490000500230GCL140319s9999 xx 000 0 ara d aGCL / cGCL04a927bا د10aدراسات فى تاريخ صقلية الاسلامية a[S.N] : bاقرأ للطباعة والترجمة والنشر ، c1990 a277 ص a